[Event "Syre Memorial op 33th"]
[Site "Issy les Moulineaux"]
[Date "2010.05.15"]
[Round "3"]
[White "Payen, Arnaud"]
[Black "David, Alberto"]
[Result "1/2-1/2"]
[WhiteElo "2366"]
[BlackElo "2631"]
[Annotator "Payen,A"]
[PlyCount "54"]
[EventDate "2010.05.13"]
[EventType "swiss"]
[EventRounds "6"]
[EventCountry "FRA"]
[SourceTitle "EXT 2011"]
[Source "ChessBase"]
[SourceDate "2010.11.26"]
[SourceVersion "1"]
[SourceVersionDate "2010.11.26"]
[SourceQuality "1"]

1. c4 Nf6 2. Nf3 e6 3. g3 d5 4. b3 {Tisdall (Chess Life): In a must win
situation,the champion makes a psychology clever choice: He plays a quiet,
unambitious move which will, however avoid early piece exchange and maintain a
simmering tension.This was the strategy employed by Karpov in game 23 and the
ploy that Kasparov feared in game 24 in Moscou 1985 when Karpov was in the
identical situation. Le début Réti voir Kasparov-Karpov Cht du Monde de
Séville dernière partie en 1987} Nc6 (4... Be7 5. Bg2 O-O 6. O-O d4 (6... b6 {
Kasparov,G (2740)-Karpov,A (2700) World Championship 34th-KK4 1987 (24) 1-0})
7. e3 c5 8. exd4 cxd4 {Plus courant avec une Benoni а l'envers!}) 5. Bg2 e5 (
5... d4 $5) 6. cxd5 Qxd5 {Un coup très rare} (6... Nxd5 {Busch,K (2360)-Smagin,
S (2540) Budapest op 1988 0-1}) 7. Nc3 Qd8 (7... Qa5 $5) 8. O-O Be7 9. Bb2 O-O
10. Rc1 h6 11. d3 Re8 12. Nb5 {[%csl Rc6][%cal Rc1c6] Avec des idées de
sacrifice de qualité suivi de Cxe5.} a6 13. Na3 {[%csl Re5][%cal Ra3c4,Rc4e5,
Rf3e5,Rb2e5]} (13. Rxc6 axb5 (13... bxc6 14. Nxe5 axb5 15. Nxc6 Qd6 16. Nxe7+
Qxe7 17. Bxa8 Bg4 18. Bxf6 Qxf6 19. Be4) 14. Rc1 Bd6 $15 {[%csl Ra2]}) 13...
Bf5 14. Nc4 (14. Rxc6 $1 bxc6 (14... Bxa3 15. Rxf6 $18 {[%csl Rf5]}) 15. Nc4 $1
e4 16. Nd4 {J'avoue que j'ai manqué ce coup!} Bd7 (16... Qc8 17. Nxc6 exd3 18.
exd3 Bc5) 17. dxe4 c5 18. Nc2 $13 {[%cal Rc2e3] Et la position,même incertaine
semble plus facile а jouer avec les blancs.}) 14... e4 15. dxe4 Nxe4 16. Ne3
Bh7 17. Nd5 Bf8 (17... Bc5 18. b4 $1) 18. Rc4 Qd6 19. Nf4 Qxd1 20. Rxd1 Rad8
21. Rxd8 Rxd8 22. Nd3 Re8 23. Nf4 $6 (23. Nfe5 $1 Nxe5 24. Nxe5 f5 $14) 23...
Rd8 $6 (23... Nd6 24. Rc5 $1 {Je ne suis pas sûr que j'aurais trouvé cette
idée en partie!} (24. Rc1 g5 25. Nd5 Rxe2 26. Nf6+ Kh8 27. Bc3 Bg7 28. a4 Ne4
$17) 24... g5 25. Nxg5 hxg5 26. Rxg5+ Bg6 27. Nxg6 fxg6 28. Bxc6 bxc6 29. e3)
24. Nd3 Nd6 25. Rc1 Ne4 26. Rc4 Nd6 27. Rc1 Ne4 {Alberto mal au temps,la nulle
était logique.} 1/2-1/2

[Event "Imperia op 40th"]
[Site "Imperia"]
[Date "1998.08.??"]
[Round "?"]
[White "Payen, Arnaud"]
[Black "Mitkov, Nikola"]
[Result "1-0"]
[WhiteElo "2420"]
[BlackElo "2515"]
[Annotator "Payen,A"]
[PlyCount "163"]
[EventDate "1998.08.30"]
[EventType "swiss"]
[EventRounds "9"]
[EventCountry "ITA"]
[SourceTitle "EXT 2016"]
[Source "ChessBase"]
[SourceDate "2015.10.08"]
[SourceVersion "1"]
[SourceVersionDate "2015.10.08"]
[SourceQuality "1"]

1. Nf3 d5 2. e3 Nf6 3. c4 e6 4. b3 a5 5. Nc3 c6 6. Bb2 Nbd7 7. Qc2 Bd6 8. Be2
O-O 9. O-O b6 10. d4 Bb7 11. e4 dxe4 $6 (11... Nxe4) 12. Nxe4 (12. Ng5) 12...
Nxe4 13. Qxe4 Qe7 14. Rad1 f5 15. Qe3 Rae8 16. c5 $5 Bc7 17. Ne5 f4 18. Qh3
Bxe5 19. dxe5 Nxc5 20. Ba3 b5 21. b4 Ne4 22. bxa5 b4 23. Bc1 (23. Bb2 $1) 23...
Nc3 24. Bd3 g6 25. Rd2 Ra8 26. a3 c5 27. Bb2 Nd5 28. axb4 cxb4 29. Ra1 Rad8 30.
a6 Ba8 31. Rdd1 Nc7 32. Bc4 Rf5 33. Rxd8+ Qxd8 34. Qb3 Qe7 35. Ra4 Rg5 36. Qxb4
Rxg2+ 37. Kf1 Qh4 38. Qb8+ Kg7 39. Qxc7+ Kh6 40. Qc5 Qg4 41. Ke1 Rg1+ 42. Kd2
Qd1+ 43. Kc3 Be4 44. Qd4 Qc2+ 45. Kb4 Rd1 46. Qc3 Qxf2 47. Ka3 Qc5+ 48. Qb4
Qe3+ 49. Bb3 Rd3 50. Qxe4 Rxb3+ 51. Ka2 Qb6 52. Qxf4+ g5 53. Qd4 Qb5 54. Ba3 $2
(54. Bc1 $1 $18) 54... Rf3 (54... Rh3 $1) 55. Bc1 $8 Kg7 56. Qc4 Rf2+ 57. Ka1
Qb8 58. Rb4 Qd8 59. Rb7+ Rf7 60. Qxe6 Qd4+ 61. Ka2 Qa4+ 62. Kb2 Qd4+ 63. Kc2
Qe4+ 64. Kc3 Qf3+ 65. Kc2 Qe4+ 66. Kb2 Qd4+ 67. Kb3 Qd3+ 68. Kb4 Qb1+ 69. Ka5
Qa1+ 70. Kb6 Qd4+ 71. Kb5 Qd3+ 72. Qc4 Qb1+ 73. Kc6 Qg6+ 74. e6 Rxb7 75. Kxb7
Qb1+ 76. Kc8 Kf6 77. a7 Qa1 78. Bb2+ Qxb2 79. a8=Q Qxh2 80. Qf3+ Kg6 81. Qce4+
Kh6 82. Qf8+ 1-0

[Event "SUI-chT"]
[Site "Switzerland"]
[Date "1999.??.??"]
[Round "1.2"]
[White "Fioramonti, Hung"]
[Black "Pelletier, Yannick"]
[Result "0-1"]
[WhiteElo "2380"]
[BlackElo "2483"]
[Annotator "Pelletier,Y"]
[PlyCount "68"]
[EventDate "1999.01.??"]
[EventType "team-tourn"]
[EventRounds "9"]
[EventCountry "SUI"]
[SourceTitle "EXT 2001"]
[Source "ChessBase"]
[SourceDate "2000.11.22"]
[SourceVersion "1"]
[SourceVersionDate "2000.11.22"]
[SourceQuality "1"]

1. Nf3 Nf6 2. c4 e6 3. g3 a6 4. Bg2 b5 5. O-O {Meiner Meinung nach ist das
keine gute Methode gegen den schwarzen Aufbau. Der Nachziehende erreicht dank
seines starken Zentrums bequemen Ausgleich.} (5. b3 $142) 5... bxc4 6. Qa4 (6.
Ne5 d5 7. Nxc4 c5 $15 {Leschorn-Zelcic, Metz 1998}) 6... Bb7 7. Qxc4 c5 8. b3
Be7 9. Bb2 O-O 10. d4 (10. Qc2 Nc6 11. Nc3 d6 $11) 10... d5 ({Auch spielbar
sind} 10... Bxf3 $5 11. Bxf3 d5 12. Qd3 cxd4 13. Bxd4 Nc6 $11) ({und} 10...
cxd4 11. Qxd4 Nc6 12. Qd1 $11) 11. Qd3 Nbd7 12. Nc3 a5 13. Rac1 (13. Rfc1 {
sieht natürlicher aus, da der Kampfplatz der Damenflügel sein wird.} Ba6 14.
Qd1 Rc8 $11) 13... Ne4 14. Na4 (14. dxc5 Ndxc5 15. Qe3 {musste betrachtet
werden. Die Stellung wäre dann im Gleichgewicht.}) 14... Ba6 15. Qd1 ({Oder} 
15. Qe3 Rc8 16. dxc5 Ndxc5 17. Nxc5 Bxc5 18. Bd4 Ba3 $1 19. Rxc8 Qxc8 20. Nd2
Nd6 $5 {mit etwas Initiative, da die weissen Figuren nicht sehr gut stehen.})
15... c4 {[%csl Rb2,Rd4][%cal Rb2d4] Diese Entscheidung ist natürlich wichtig,
denn sie bestimmt die Bauernstruktur, und somit den Charakter des Spiels.} (
15... Rc8 $11) 16. bxc4 $2 (16. Ne5 $6 Nxe5 17. dxe5 Nc5 $15) (16. Nd2 {
war besser, und würde nach} Nxd2 17. Qxd2 Rb8 {Ausgleich ergeben.}) 16... Bxc4
{[%csl Ra2]} 17. Nc3 (17. Rxc4 dxc4 18. Ne5 f5 {verspricht keine genügende
Kompensation für die geopferte Qualität.}) 17... Rb8 $2 ({Stärker war} 17...
Nxc3 18. Bxc3 (18. Rxc3 Bxa2) 18... Bxa2 {, doch ich übersah nach} 19. Nd2 {
den Zug} Nb6 $1 20. Ra1 Bb4 $5 ({oder} 20... Qc7) 21. Bxb4 axb4 {mit einem
Bauern mehr.}) 18. Qc2 (18. Ba1 Ba3 19. Rc2 Nxc3 20. Bxc3 a4 $15) 18... Qb6 19.
Ba1 (19. Rb1 $2 Qa6 $17) (19. Nxe4 $2 Qxb2 (19... dxe4 20. Ne5 Nxe5 21. dxe5
$15) 20. Nc3 Qxc2 21. Rxc2 Rfc8 {und das Läuferpaar garantiert einen klaren
Uebergewicht.}) 19... Nxc3 20. Bxc3 Qa6 (20... Rfc8 21. Rb1 Qa6 22. Rxb8 Rxb8
23. Re1 Bb4 {war ebenfalls leicht vorteilhaft, aber ich wollte alle Türme auf
dem Brett lassen.}) 21. Rfe1 Rfc8 $6 ({Ich verzichtete auf} 21... Ba3 $5 {wegen
} 22. Rb1 $6 (22. Ra1 a4 $15) 22... Rxb1 23. Rxb1 Bxe2 24. Qa4 $5 {aber
verpasste den direkten} Qd3 ({ich hatte nur mit} 24... Bxf3 $2 25. Bxf3 Qd3 26.
Rb3 Qxf3 27. Qxd7 Bc1 28. Bxa5 Qd1+ 29. Kg2 Qxd4 30. Bb4 $16 {gerechnet.}) 25.
Rb3 Qd1+ 26. Ne1 Bb4 $1 27. Bxb4 axb4 28. Qxb4 Bc4 $17) 22. Bf1 a4 ({Auch
möglich ist} 22... Ba3 23. Rb1 Rxb1 24. Rxb1 Bxa2 25. Qxa2 Rxc3 $15) 23. Rb1 $2
{Uebersieht den Verlust eines Bauern} (23. Nd2 {war vorzuziehen, obwohl
Schwarz nach} Ba3 $1 24. Ra1 (24. Rb1 Bb5 25. e3 Bxf1 26. Rxb8 Rxb8 27. Rxf1
Qc6 $15) 24... Qc6 {seinen Druck behält.}) 23... Rxb1 24. Rxb1 Bxa2 25. Qxa2 ({
Auf} 25. Ra1 {hatte ich} a3 $5 (25... Bb3 26. Qxb3 axb3 27. Rxa6 Rxc3 28. Ra7
b2 29. Nd2 Rc2 30. Rxd7 Bf8 31. Rb7 Rxd2 32. e3 $17) 26. Rxa2 Qc4 $19 {geplant.
}) 25... Rxc3 26. Ne5 $6 (26. e4 $2 Qa7 $19) (26. e3 $142 Qa7 27. Bb5 a3 $19)
26... Nxe5 27. Rb8+ Bf8 $5 {Da musste man sehr präzis rechnen; einpaar
überraschende Züge sind in Sicht.} (27... Rc8 28. Rxc8+ Qxc8 29. dxe5 a3 30. e4
(30. e3 Qc3) 30... dxe4 31. Bc4 Qc5 $19 {sollte natürlich auch genügen.}) 28.
dxe5 a3 29. Qd2 (29. e3 $2 Rc1) (29. Kg2 Qa4 30. Qd2 Rb3) 29... Rb3 $1 {
[%mdl 64] Das ist der wichtige Zug.} 30. Rxb3 (30. e3 Qa4 (30... Qa7) 31. Qc2
a2 32. Rxf8+ Kxf8 33. Qc5+ Ke8 34. Qc8+ Ke7 {und es gibt kein Dauerschach.})
30... a2 31. Rb8 Qa3 $1 {Die letzte Hürde ist hinten.} 32. Qf4 a1=Q 33. Rb7 f6
34. exf6 Qxf6 0-1

[Event "EU-Cup 27th"]
[Site "Rogaska Slatina"]
[Date "2011.09.30"]
[Round "6"]
[White "Tikkanen, Hans"]
[Black "Pelletier, Yannick"]
[Result "0-1"]
[WhiteElo "2591"]
[BlackElo "2584"]
[Annotator "Pelletier,Y"]
[PlyCount "130"]
[EventDate "2011.09.25"]
[EventType "team-swiss"]
[EventRounds "7"]
[EventCountry "SLO"]
[SourceTitle "CBM 145"]
[Source "ChessBase"]
[SourceDate "2011.11.11"]
[SourceVersion "1"]
[SourceVersionDate "2011.11.11"]
[SourceQuality "1"]
[WhiteTeam "Lunds"]
[BlackTeam "Zuerich"]
[WhiteTeamCountry "SWE"]
[BlackTeamCountry "SUI"]

1. c4 Nf6 2. g3 e6 3. Bg2 d5 4. Nf3 dxc4 5. Na3 {Aus irgendeinem Grund gewinnt
dieser Zug in letzter Zeit an Popularität. Komischerweise schien mein Gegner
auf meine Erwiderung schlecht vorbereitet zu sein.} Bxa3 6. bxa3 b5 7. a4 ({
Anstelle von} 7. Ne5 {, was übrigens einige Wochen später in der Begegnung
Dominguez-Meier (SPICE Cup in Lubbock) erprobt und von Schwarz richtig
behandelt wurde, spielte mein Gegner nach langem Nachdenken den weniger
kritischen Textzug.}) 7... a6 8. Ba3 ({Nach} 8. Rb1 {kann Schwarz einfach} Bb7
9. axb5 Be4 {spielen, während}) (8. Ne5 {hier weniger gefährlich ist als im
vorigen Zug, da Schwarz über} Ra7 {verfügt!}) 8... Bb7 9. O-O Nbd7 {Schwarz
wird c5 spielen, rochieren und mit einem Mehrbauern verbleiben.} 10. d3 c5 ({
Möglicherweise war der materialistische Computervorschlag vorzuziehen:} 10...
cxd3 11. Qxd3 c5 12. Rfc1 Qb6 13. Qe3 Rc8 14. axb5 axb5 15. Bb2 O-O $15) 11.
dxc4 b4 12. Bb2 (12. Bc1 O-O 13. Bf4 Re8 $15) 12... Qc7 13. Qd2 (13. Nd2 Bxg2
14. Kxg2 O-O 15. e4 Rfd8 16. Qe2 a5 17. e5 Ne8 $15 {[%csl Ra4,Rc4][%cal Gd7b6]}
) (13. a3 a5 14. axb4 axb4 15. Qc2 O-O $15) 13... O-O 14. a5 $5 {Eine gute
praktische Entscheidung: Weiß entledigt sich seines schwachen Bauern, um etwas
Aktivität zu erhalten.} Qxa5 15. a3 Be4 $1 ({Schwarz hat keine Zeit für} 15...
Qb6 16. axb4 cxb4 {[%cal Ga6a5] wegen} 17. Bd4) 16. Ne5 (16. axb4 Qxb4 17. Qc1
a5 $15) 16... Bxg2 17. Kxg2 (17. Nxd7 Nxd7 18. Kxg2 Qc7 19. axb4 Qb7+ 20. Kg1
cxb4 $15) 17... Qc7 18. Qf4 a5 ({Schwarz behält auch im Fall von} 18... Nxe5
19. Bxe5 Qc6+ 20. f3 Nd7 21. Bd6 Rfc8 22. axb4 cxb4 23. Bxb4 Nb6 {seinen
Mehrbauern, aber der wird schwer zu verwerten sein.}) 19. Rad1 Rfd8 20. Rd3 Nb6
$2 {Dieser Zug wäre gut, hätte ich vorher den anderen Turm gewählt.} ({Hier war
} 20... Nxe5 {einfach und stark:} 21. Rxd8+ (21. Bxe5 Qc6+ 22. Rf3 (22. f3 Rxd3
23. exd3 Nd7) (22. Kg1 Rxd3 23. exd3 Nd7) 22... Qe4 $17) 21... Rxd8 22. Bxe5
Qc6+ 23. f3 Ne8 $17) 21. Rfd1 Rxd3 ({Dass der Springer hier oder nach dem
Tausch auf d3 unmöglich ist, war mir entgangen:} 21... Na4 $2 22. Rd7 $1 Rxd7
23. Rxd7 {Aus diesem Grund habe ich erwähnt, dass im 21.Zug der falsche Turm
auf d8 gestellt wurde.}) 22. Rxd3 Rf8 {Eine gute Entscheidung, insofern
Schwarz seine Ungenauigkeit des 20. Zuges erkannt hat.} ({Der Computer zeigt
einen anderen Weg, der aber Menschen kaum gefallen kann:} 22... h6 23. h4 (23.
g4 $6 Rd8 $17) 23... Na4 $5 (23... Rd8 $2 24. Nxf7) 24. Rd7 $140 Qb8 $17) 23.
g4 Nfd7 ({Die folgende Variante stammt wieder aus dem Computer:} 23... Qb7+ 24.
Kg1 Na4 25. Nd7 $5 Nxd7 26. Bxg7 f6 $1 27. Bxf8 Nxf8 28. Qxf6 Qg7 $17) 24. g5
Nxe5 $6 {Seit einigen Zügen habe ich die Kontrolle verloren. Der Textzug gibt
den Vorteil objektiv aus der Hand.} ({Richtig war hier} 24... bxa3 25. Rxa3
Nxc4 $1 26. Qxc4 Nxe5 27. Qe4 (27. Qc3 f6 $17) 27... Ng6 {mit deutlichem
Vorteil. Aus psychologischen Gründen ist es aber nicht leicht, den Tausch
b4xa3 überhaupt in Betracht zu ziehen, man will sich ja nicht von seinem
schönen gedeckten Freibauern trennen. Zum Glück gelang mir aber dieser Schritt
trotzdem einige Züge später.}) 25. Bxe5 Qb7+ 26. Kg1 Nd7 27. Bb2 (27. Bd6 $2
Rc8 28. Rh3 b3 29. Qh4 h6 $19) 27... bxa3 $5 ({Ohne diesen Zug, der den
gegnerischen Druck auf der langen Diagonale eine Zeit lang vermindert, ist
kaum Fortschritt zu erzielen. Z.B:} 27... Re8 28. Qd6 Nb6 29. Ba1 (29. Qe5 f6)
29... Nxc4 30. Qxc5 Qe4 31. Qc7 $132) (27... Rc8 28. Qd6 bxa3 29. Bc3 $1 Nf8
30. Qe5 f6 31. gxf6 Qf7 32. fxg7 Ng6 33. Qf6) 28. Bxa3 (28. Bc3 f6 $17) 28...
Rc8 29. Qd6 Nf8 30. Bxc5 $6 {Die Stellung ist kompliziert und es ist kaum
erstaunlich, dass auch Weiß fehlgreift.} (30. f3 $13 {hätte verhindert, dass
Schwarz im Zentrum aktiv wird.}) 30... Qe4 (30... Qb2 31. Qd4 Qxd4 32. Bxd4
Rxc4 33. Kf1 a4 $15) 31. Qe7 Rb8 $2 ({Ich hätte hier bescheiden} 31... Qxc4 32.
Ba3 Qa4 $15) ({oder} 31... Qe5 $15 {ziehen sollen, sah aber den Turmzug und
hielt ihn für siegbringend.}) 32. Rb3 $1 {Eine böse Überraschung, wenn auch
kein schwieriger Zug. Hier konnte ich auf e2 schlagen und Dauerschach geben.
Aber wenn man einen solchen Vorteil gehabt hat, will man immer noch auf Gewinn
spielen. Zum Glück handelte es sich damit objektiv um keine Fehlentscheidung.}
Rc8 (32... Qxe2 $11) 33. Rf3 Qg6 ({Der Computer gibt} 33... Ng6 $5 {als gut
möglich an, aber ... naja...}) 34. h4 h6 (34... e5 $5 35. Bd6 (35. Qxe5 $2 Nd7)
35... Ne6 36. Qb7 Rd8 37. c5 $13) 35. Rg3 $2 $138 ({In Zeitnot begeht Weiß
einen groben Fehler, aber der richtige Zug war nicht leicht zu erkennen:} 35.
Bd6 e5 36. Qxe5 hxg5 37. hxg5 Ne6 38. c5 Nxg5 39. Rg3 Qb1+ 40. Kh2 Qh7+ 41. Kg1
Qb1+ 42. Kg2 Qe4+ 43. Qxe4 Nxe4 $11) 35... Qb1+ 36. Kh2 Ng6 37. Qa7 Qf5 $2 $138
{In dieser Spielphase sind Verbesserungen wenig natürlich.} ({Besser war hier} 
37... Qe4 38. h5 (38. gxh6 Qxh4+ 39. Rh3 Qf4+ 40. Rg3 Qxh6+) 38... Nf4 39. g6
fxg6 40. hxg6 Qe5 41. Qf7+ Kh8 42. Bf8 Nh5 43. f4 Qf5 44. Bd6 Nxg3 45. Kxg3 a4
$17) 38. Bd4 e5 39. Bc5 $2 ({Wieder handelt es sich beim richtigen Weg um
schwierige Züge.} 39. Qxa5 Rxc4 40. Qa8+ Kh7 41. e4 $1 Qf4 42. Be3 Qxe4 (42...
Qxh4+ 43. Rh3 Qxe4 44. Qxe4 Rxe4 45. gxh6 {Weiß sollte Remis halten}) 43. Qxe4
Rxe4 44. h5 Nf4 $15) 39... h5 $1 40. Qxa5 Qe4 $6 (40... Nf4 $1 {hätte rasch
entschieden}) 41. Be3 Qxc4 42. Qd2 Nxh4 43. Rh3 g6 $2 ({Beide übersahen die
Ressource im nächsten Zug. Vorzuziehen war} 43... Qg4 44. Rg3 (44. Qd5 g6 $19)
44... Qe4 $17) 44. Bb6 $2 ({Im Turmendspiel nach} 44. Bf4 $1 Qxf4+ ({oder im
Fall von} 44... exf4 45. Rxh4 Qb5 $15) 45. Qxf4 exf4 46. Rxh4 {hat Weiß
ausgezeichnete Remischancen.}) 44... Qg4 ({Einfacher war} 44... Qe4 $1 45. f3 (
45. Rg3 Nf5) 45... Qc4 $19 {[%csl Rh3]}) 45. Rg3 Qe4 46. Bd8 (46. Qd3 Qc6)
46... Nf5 $1 ({Stärker als} 46... Rc2 {, was wegen} 47. Qd3 $1 {noch
kompliziert aussieht.} ({Nicht aber} 47. Qe3 Qc4 48. Qd3 Qc5 49. Bf6 Qxf2+ 50.
Kh3 Rc8 $19) ({oder} 47. Qd7 $2 Qf4 $19) 47... Qxe2 48. Qxe2 Rxe2 {Hier
sichert der Computer einen klaren Vorteil für den Nachziehenden, aber während
der Partie alles im voraus zu berechnen, ist nicht einfach:} 49. Ra3 (49. Rd3
e4 50. Rd7 e3 51. Bf6 Kh7 $19) 49... Kf8 50. Bf6 Ke8 $17 51. Rd3 $140 Rd2 $1)
47. Rd3 Qh4+ 48. Kg2 Qg4+ 49. Kh2 Qh4+ 50. Kg2 Qg4+ ({Immer noch ausreichend,
aber es gab zwei direktere Alternativen:} 50... e4 $1 51. Rh3 e3 $1 52. fxe3
Qe4+ 53. Kf2 Qg4 $19) ({und} 50... Rc4 $1 51. Bf6 Rg4+ 52. Rg3 Rxg3+ 53. fxg3
Qxg3+ 54. Kh1 Kh7 $1 55. Qd5 Qe1+ 56. Kh2 Qxe2+ 57. Kg1 Qe1+ 58. Kh2 Qf2+ $19)
51. Kh2 e4 ({Nach} 51... Nd4 52. Bf6 Nxe2 53. Rd8+ {übersah ich} Kh7 $1 54.
Qxe2 Qxe2 55. Rxc8 Qxf2+ {und Schwarz erobert nach einigen Schachs den Turm.})
(51... Rc4 $19) 52. Rh3 e3 53. fxe3 Kh7 54. Rf3 (54. Bf6 Re8 $19) 54... Rb8 $6
({Erst später fand ich das Motiv mit der entscheidenden Turmüberführung auf
die 4. Reihe.} 54... Qh4+ 55. Kg2 Rc4 $19) 55. Qd3 ({Nach dem hartnäckigeren} 
55. Qd5 {gewinnt} Kg8 $1 ({Ich hatte aber} 55... Rb1 $2 {geplant, was leider
nicht zum Sieg ausreicht, man sehe:} 56. Qxf7+ Ng7 57. Qf4 $1 ({Ich hatte nur} 
57. Bf6 $2 {betrachtet, was nach schönen geometrischen Motiven verliert:} Qg1+
58. Kh3 Qh1+ 59. Kg3 Rg1+ 60. Kf4 Rg4+ 61. Ke5 Qa1+ 62. Kd6 Qa3+ 63. Kc6 Qa4+
$19) 57... Qg1+ 58. Kh3 Qh1+ 59. Qh2 $13) (55... Rb2 56. Qxf7+ Ng7 $19 {
ist etwas komplizierter}) 56. Bf6 Nxe3 $1 57. Rxe3 Qf4+ 58. Rg3 h4 59. Qf3
Qxg3+ 60. Qxg3 hxg3+ 61. Kxg3 Kf8 $19) 55... Qh4+ (55... Rb4 $1 $19) 56. Kg2
Rb4 57. e4 (57. Qxf5 {ist hübsch, scheitert aber auch:} Rg4+ ({oder} 57... gxf5
58. g6+ fxg6 59. Bxh4 Rxh4 $19) 58. Qxg4 Qxg4+ 59. Kh2 Qh4+ 60. Kg2 Qe1 61.
Rxf7+ Kg8 62. Rf2 h4 63. Bc7 h3+ 64. Kf3 Qh1+ 65. Kg4 Qg1+ 66. Kf3 Qxg5 $19)
57... Rxe4 58. Rh3 Qg4+ (58... Rg4+ 59. Kf1 Rf4+ 60. Rf3 Qh1+ 61. Kf2 Rg4 $19)
59. Kf2 Rf4+ (59... Rd4) 60. Rf3 Rd4 (60... Qh4+ 61. Kf1 Qh1+ 62. Kf2 Rg4 $19)
61. Bf6 (61. Qb3 Qh4+ 62. Kf1 Rxd8 (62... Rd1+ $1 $19) 63. Qxf7+ Ng7 $19) 61...
Qh4+ (61... Rxd3 62. Rxd3 h4 {hätte auch gewonnen, aber der Textzug forciert
das Matt.}) 62. Kf1 Qh1+ 63. Kf2 Qh4+ 64. Kf1 Qh1+ 65. Kf2 Rg4 0-1